Gunpowder and firearms in the Mamluk kingdom : a challenge to mediaeval Society /

محفوظ في:

المؤلف الرئيسي: Ayalon, David.

التنسيق: كتاب

اللغة: English

منشور في: London : Vallentine, [1956]

الموضوعات:

الوسوم: إضافة وسم

لا توجد وسوم, كن أول من يضع وسما على هذه التسجيلة!

رقم الطلب: U897 A9 1956

LEADER 00612cam a2200205Ma 4500
001 ocn613433992
003 OCoLC
005 20240222003911.0
008 100511s1956 enk 000 0 eng d
050 4 |a U897  |b A9 1956 
100 1 |a Ayalon, David. 
245 1 0 |a Gunpowder and firearms in the Mamluk kingdom :  |b a challenge to mediaeval Society /  |c David Ayalon. 
264 1 |a London :  |b Vallentine,  |c [1956] 
300 |a xvii, 154 pages ;  |c 22 cm 
336 |a text  |b txt  |2 rdacontent 
337 |a unmediated  |b n  |2 rdamedia 
338 |a volume  |b nc  |2 rdacarrier 
650 0 |a Firearms. 
650 0 |a Mamelukes. 
999 |c 57029  |d 57029